书目信息 |
| 题名: |
射流技术基础
|
|
| 作者: | ;上海交通大学 编 | |
| 分册: | ||
| 出版信息: | 北京 国防工业出版社 1972 |
|
| 页数: | 244页 | |
| 开本: | 19cm | |
| 丛书名: | ||
| 单 册: | ||
| 中图分类: | TP6 | |
| 科图分类: | ||
| 主题词: | 射流技术--理论 | |
| 电子资源: | ||
| ISBN: | 15034.1262 | |
| 000 | 00637nam0 2200229 450 | |
| 001 | 0172003159 | |
| 005 | 20100713031351.0 | |
| 010 | @a15034.1262@dCNY0.80 | |
| 091 | @a15034.1262@d¥0.80 | |
| 100 | @a19951004d1972 em y0chiy0110 ea | |
| 101 | 0 | @achi |
| 102 | @aCN@b110000 | |
| 105 | @af z 000yy | |
| 106 | @ar | |
| 200 | 1 | @a射流技术基础@9She Liu Ji Shu;Zhu Ji Chu @f上海交通大学编 |
| 210 | @a北京@c国防工业出版社@d1972 | |
| 215 | @a244页@c图表@d19cm | |
| 606 | 0 | @a射流技术@x理论 |
| 690 | @aTP6@v3 | |
| 711 | 02 | @a上海交通大学@9shang hai jiao tong da xue@4编 |
| 801 | 0 | @aCN@b91MARC@c20130904 |
| 905 | @aBZT@dTP6@e2@f2@sTP6/2 | |
| 射流技术基础/上海交通大学编.-北京:国防工业出版社,1972 |
| 244页:图表;19cm |
| ISBN 15034.1262:CNY0.80 |
| ● |
| 相关链接 |
|
|
|
正题名:射流技术基础
索取号:TP6/2
 
预约/预借
| 序号 | 登录号 | 条形码 | 馆藏地/架位号 | 状态 | 备注 |
| 1 | 2000041634 | 2000041634 | 旧书回溯/ [索取号:TP6/2] | 在馆 | |
| 2 | 2000041635 | 2000041635 | 旧书回溯/ [索取号:TP6/2] | 在馆 |